Školník obsahujúcí hviezdovedu, zemepis, silozpyt, zemeznalstvo, prírodopis, domáce a poľné hospodárstvo, ovocinárstvo, včelárstvo, hodbabníctvo a nauku o právach a povinnosťach občanských pre katolícke elementárne školy 1. sväzok

Bibliographic Details
Main Author: Radlinský, Ondrej (Author, Author of introduction, etc.)
Corporate Author: Mechitaristen-Buchdruckerei (Viedeň, Rakúsko) (Printer)
Format: Book
Language:Slovak
PhysicalDescription:304 s. ilustrácie 19 cm
Published: Vo Viedni Tlačou kongregácie Mechitaristov 1871
Subjects:

MARC

LEADER 00000cam a2200000 a 4500
001 vtls008459328
003 SK-MaSNL
005 20260301205305.0
008 251112s1871 au a gr 000 0 slo
015 |a SNBHFA1871 
020 |q (viaz.) 
035 |a SAVUKc033619 
035 |a urn:nbn:sk:snk-amtfsv 
035 |a urn:nbn:sk:snk-am00cak2 
035 |a AB2C073B-E76A-4903-A973-69EA9AD3620C 
040 |a SNK  |b slo  |c SNK  |e AACR2 
041 0 |a slo 
044 |a au  |c AT 
072 7 |a 37  |x Výchova a vzdelávanie  |2 konspekt 
080 |a 63  |2 2011 
080 |a 634.1/.8  |2 2011 
080 |a 37.017.4  |2 2001 
080 |a 64  |2 2011 
080 |a (075)  |2 2011 
080 |a 91  |2 2011 
080 |a (439.2)  |2 2011 
080 |a 53  |2 2011 
080 |a 57.08.1  |2 2001 
080 |a 638.1  |2 2011 
100 1 |a Radlinský, Ondrej  |4 aut  |4 pbl  |4 aui  |9 274574 
245 1 0 |a Školník obsahujúcí hviezdovedu, zemepis, silozpyt, zemeznalstvo, prírodopis, domáce a poľné hospodárstvo, ovocinárstvo, včelárstvo, hodbabníctvo a nauku o právach a povinnosťach občanských  |b pre katolícke elementárne školy  |n 1. sväzok  |c vystavil a vydal Ondrej Radlinský farár kútsky ; s vysokým povolením a schválením Jeho Kniežacej Svetlosti Pána Primaša a Arcibiskupa ostrihomského a s podržaním sebe práva prekladu do iných rečí 
260 |a Vo Viedni  |b Tlačou kongregácie Mechitaristov  |c 1871 
300 |a 304 s.  |b ilustrácie  |c 19 cm 
500 |a Linky, čiernobiele ilustrácie za textom 
500 |a Pref.: Radlinský, Ondrej 
500 |a [2], IV, 304 s., 12 s. príl., ilustr., 8° (20x13 cm) 
505 1 |a Predmluva. -- Úvod. -- Prvý diel. Všeobecný zemepis. -- Druhý diel. Zvláštny zemepis. -- III. Silozpyt čili fyzika. -- IV. Zemeznalstvo. -- V. Prírodopis. -- VI. Hospodárstvo. -- VII. Ovocinárstvo. -- VIII. Včelárstvo. -- Krátka nauka o občanských právach a povinnosťach. -- Opravy. -- Obrázky k znázorneniu nektorých vecí v Hviezdovede, Silozpyte a Ovocinárstve. -- Opravy 
561 |a Okrúhla pečiatka: Museálna Slovenská spoločnosť.  |5 SNK ID 99454 
561 |a Proveniencia: Peč.: Judr. Fedor S. Ormis. -- Rkp. exlibris: Ján Alex. Fábry Bat. 31/III. 1871.  |5 SVKBB: svkbbO 2837 
563 |a Väzba: kombinovaná, lepenka potiahnutá hnedým papierom s mramorovým motívom, chrbát zelené plátno, striekaná oriezka.  |5 SVKBB: svkbbO 2837 
650 0 7 |a poľnohospodárstvo  |2 SNKPH  |9 679 
650 0 7 |a občianske práva  |2 SNKPH  |9 2254 
650 0 7 |a občianska náuka  |2 SNKPH  |9 207230 
650 0 7 |a občianske povinnosti  |2 SNKPH  |9 465377 
650 0 7 |a hospodárstvo  |2 SNKPH  |9 14275 
650 0 7 |a domáce hospodárstvo  |2 SNKPH  |9 2073 
650 0 7 |a chov  |2 SNKPH  |9 426411 
650 0 7 |a pestovanie  |2 SNKPH  |9 336890 
650 0 7 |a ovocinárstvo  |2 SNKPH  |9 16370 
650 0 7 |a geografia  |2 SNKPH  |9 823 
650 0 7 |a včelárstvo  |2 SNKPH  |9 3997 
650 0 7 |a fyzika  |2 SNKPH  |9 816 
650 0 7 |a prírodopis  |2 SNKPH  |9 3586 
651 7 |a Uhorsko  |2 SNKPH  |9 28673 
655 7 |a otázky a odpovede  |2 SNKPH  |9 333750 
655 7 |a učebnice  |2 SNKPH  |9 22521 
700 1 |a Kmeť, Andrej,  |d 1841-1908  |4 fmo  |9 191981 
700 1 |a Ormis, Fedor,  |d 1906-1983  |4 fmo  |9 214194 
700 1 |a Fábry, Ján Alexander,  |d 1848-1908  |4 fmo  |9 152993 
710 2 |a Mechitaristen-Buchdruckerei (Viedeň, Rakúsko),  |d 1811-1873  |4 prt  |9 159452 
752 |a Rakúsko  |d Viedeň 
852 |a snk  |b Historické fondy  |p ID 99454 
852 |a Štátna vedecká knižnica v Banskej Bystrici 
958 |a ONDV 
958 |a DF 
999 |c 909621  |d 911551 
952 |t Kme X/724  |a SNK  |b SNK  |c SNK_HF  |y PREZ  |7 0  |p 17A1128581  |o snkID 99454  |i snk2016/18704  |8 5  |0 0  |1 0  |4 0  |d 2016-08-05  |f 1  |l 0  |r 2026-02-24 07:39:50  |w 2026-02-24